000 03101nam a22002657a 4500
001 5150453
003 UA-OsUOA
005 20201105173718.0
008 200402b un ||||| m||| 00| 0 ukr d
040 _aUA-OsUOA
_bukr
_cUA-OsUOA
_dUA-OsUOA
041 _aukr
080 _a343.353
090 _a343.353
095 _a12.00.08
_bкримінальне право та кримінологія; кримінально-виконавче право
100 _aБондаренко О. С.
245 _aПредмет злочинів у сфері службової діяльності та професійної діяльності, пов'язаної з наданням публічних послуг
_cБондаренко Ольга Сергіївна ; наук. керівник Кришевич Ольга Володимирівна
260 _aКиїв
_c2016
300 _a20 с.
502 _6Автореферат дисертації на здобуття наукового ступеня кандидата юридичних наук
_cНаціональна академія внутрішніх справ
_d2016
520 _aУ дисертації здійснено комплексну характеристику предмета злочинів у сфері службової діяльності та професійної діяльності, пов’язаної з наданням публічних послуг. Окреслено методологічні та історико-теоретичні засади дослідження предмета злочинів у сфері службової діяльності та професійної діяльності, пов’язаної з наданням публічних послуг. Вивчено зарубіжний досвід правового регулювання предмета злочинів у сфері службової діяльності та професійної діяльності, пов’язаної з наданням публічних послуг. Охарактеризовано юридичний зміст неправомірної вигоди, активів у значному розмірі, офіційного документа та декларації особи, уповноваженої на виконання функцій держави або місцевого самоврядування. Окрему увагу приділено впливу предмета злочинів у сфері службової діяльності та професійної діяльності, пов’язаної з наданням публічних послуг, на кримінально-правову кваліфікацію.
650 _2UDC
_a343 Кримінальне право. Карні порушення
942 _2udc
_cAR
955 _a1
999 _c458692
_d458692